000 03688nam a22003857a 4500
001 0048114
003 KOHA_MİRAKIL
005 20260207003609.0
007 ta
008 150421b2009 tu |||gr||||#||||1|tur |
020 _a9789754838343
040 _aTR-BiSEU
_btur
_cTR-BiSEU
_erda
041 0 _atur
044 _ctu
050 _aPL127.3
_b.T87 2009
100 1 _aTürkmen, Fidan.
245 1 _aYabancılar için Türkçe :
_bDilbilgisi/
_cFidan Türkmen ; Fidan Türkmen.
264 1 _aİzmir :
_bEge Üniversitesi
_c2009
300 _av.: 223 sayfa ;25 cm.
336 _ametin
_btxt
_2rdacontent
337 _aaracısız
_bn
_2rdamedia
338 _acilt
_bnc
_2rdacarrier
490 1 _aEge Üniversitesi Yayınları.
490 1 _aTürk Dünyası Araştırmaları Enstitüsü Yayın no.
490 1 _a ;
_v3.
505 _aBİRLEŞİK ZAMAN 1 HİKÂYE BİRLEŞİK ZAMANI 1 1. -di'li Geçmiş Zamanın Hikâyesi 2 2. -miş'li Geçmiş Zamanın Hikâyesi 3 3. Şimdiki Zamanın Hikâyesi 5 4. Geniş Zamanın Hikâyesi 7 5. Gelecek Zamanın Hikâyesi 9 6. Gereklilik Kipinin Hikâyesi 12 7. İstek Kipinin Hikâyesi 14 8. Dilek-Şartın Hikâyesi 16 Varsayıma (Faraziyeye) Dayanan Şart Cümleleri 18 ALIŞTIRMALAR 1 20 ALIŞTIRMALAR 2 23 ALIŞTIRMALAR 3 25 ALIŞTIRMALAR 4 27 II. RİVAYET BİRLEŞİK ZAMANI 29 1. -miş'li Geçmiş Zamanın Rivayeti 29 2. Şimdiki Zamanın Rivayeti 31 3. Geniş Zamanın Rivayeti 34 4. Gelecek Zamanın Rivayeti 36 5. Gereklilik Kipinin Rivayeti 39 6. İstek Kipinin Rivayeti 41 7. Dilek-Şart Kipinin Rivayeti 42III. ŞART BİRLEŞİK ZAMANI 44 1. -di'li Geçmiş Zamanın Şartı 44 2. -miş'li Geçmiş Zamanın Şartı 47 3. Şimdiki Zamanın Şartı 49 4. Geniş Zamanın Şartı 51 5. Gelecek Zamanın Şartı 55 6. Gereklilik Kipinin Şartı 57 Çekimli Fiillerde Olumsuzluk 58 ALIŞTIRMALAR 1 61 ALIŞTIRMALAR 2 65 ALIŞTIRMALAR 3 67 ALIŞTIRMALAR 4 69 ALIŞTIRMALAR 5 71 ALIŞTIRMALAR 6 74 ALIŞTIRMALAR 7 77 ALIŞTIRMALAR 8 81 ALIŞTIRMALAR 9 85 ALIŞTIRMALAR 10 89 BİRLEŞİK FİİLLER 93 1. İki Fiille Yapılmış Olan Birleşik Fiiller 94 1. Yeterlik Fiili 94 ALIŞTIRMALAR 1 99 ALIŞTIRMALAR 2 102 ALIŞTIRMALAR 3 105 2. Tezlik Fiili 110 3. Sürerlik Fiili 114 4. Yaklaşma Fiili 119 KISTIRMALARI AL,ŞTIRMALAR2 124 ALIŞTIRMALAR 3 128 Özel Kullanımı Olan Birleşik Fuller 132 1. Beklenmezlik Fiili 132 2. Gereksinme Fiili 133 3. Yapmacık Fiili 133 II. Yardımcı Fiille Yapılan Birleşik Fiiller 136 1. isim+yardımcı fiil "et-, ol-, yap-, bul-, bulun-, kıl-, eyle-".. 136 2. "-miş, -r, -mez, -(y)ecek, -yor ol-" 143 ALIŞTIRMALAR 150 III. Anlamca Kaynaşmış ya da Deyimleşmiş Birleşik Fiiller 152 ALIŞTIRMALAR 1 155 ALIŞTIRMALAR 2 156 ALIŞTIRMALAR 3 158 ALIŞTIRMALAR 4 160 FİİL ÇATISI 161 I. NESNEYE GÖRE ÇATI 162 1. GEÇİŞLİ FİİLLER 162 2. GEÇİŞSİZ FİİLLER 162 3. OLDURGAN FİİLLER 163 FAKTİTİF EKLERİ (Oldurma ve Yaptırma Ekleri) 164 II. ÖZNEYE GÖRE ÇATI 167 1. ETKEN FİİLLER 167 2. ETTİRGEN FİİLLER 167 ALIŞTIRMALAR 1703. EDİLGEN FİİLLER 174 ALIŞTIRMALAR 179 4. DÖNÜŞLÜ FİİLLER 185 ALIŞTIRMALAR 188 5. İŞTEŞ FİİLLER 194 KATMERLİ ÇATI 199 ALIŞTIRMALAR 1 201 ALIŞTIRMALAR 2 206 ALIŞTIRMALAR 3 209 ALIŞTIRMALAR 4 212 ALIŞTIRMALAR 5 218
650 0 _aTurkish language--Textbooks for foreign speakers.
_988405
650 0 _aGrammar--Turkish.
_988406
650 0 _aTürk Dili--Yabancılar için ders kitapları.
_988407
650 0 _aGramer--Türkçe.
_988408
830 1 _aEge Üniversitesi Yayınları.
_927338
830 1 _aTürk Dünyası Araştırmaları Enstitüsü Yayın no.
_988409
830 1 _a ;
_v3.
_91620
942 _2lcc
_cBK
999 _c47954
_d47954